Stretnutie užívateľov súradnicových meracích strojov celoštátny seminár

Guardado en:
Detalles Bibliográficos
Formato: Libro
Lenguaje:eslovaco
Publicado: Bratislava Dom techniky ČSVTS 1985
Etiquetas: Agregar Etiqueta
Sin Etiquetas, Sea el primero en etiquetar este registro!

MARC

LEADER 00000nam a2200000 4500
001 c108881
005 20041019155142.7
041 0 |a slo 
044 |a SK 
245 1 0 |a Stretnutie užívateľov súradnicových meracích strojov  |b celoštátny seminár 
264 1 |a Bratislava  |b Dom techniky ČSVTS  |c 1985 
300 |a 121 s.